header

Communication on and via technology (Record no. 97286)

MARC details
000 -LEADER
fixed length control field 01396nam a2200349 a 4500
245 00 - TITLE STATEMENT
Title Communication on and via technology
260 ## - PUBLICATION, DISTRIBUTION, ETC. (IMPRINT)
Place of publication Berlin :
Name of publisher De Gruyter Mouton,
Year of publication c2012.
300 ## - PHYSICAL DESCRIPTION
Number of Pages x, 269 p. :
Other physical details ill.
490 1# - SERIES STATEMENT
Series statement Text, translation, computational processing,
650 #0 - SUBJECT ADDED ENTRY--TOPICAL TERM
Topical Term Communication and technology.
Topical Term Information technology
700 1# - ADDED ENTRY--PERSONAL NAME
Personal name Rothkegel, Annely.
Personal name Ruda, Sonja.
856 40 - ELECTRONIC LOCATION AND ACCESS
Uniform Resource Identifier http://site.ebrary.com/lib/rucke/Doc?id=10606504

No items available.

© 2026 Rongo University
Contact us: librarian | system librarian | Rongo university